=LDR 00000nam 2200000 4500 =001 INLIS000000000027310 =005 20130612125708 =008 ***********************************Ind** =035 ##$$0010-061300000027310 =041 ##$$a Ind =082 ##$$a F Rom D =090 ##$$a F Rom D, Aks c =100 ##$$a Aksana,Andrei =245 ##$$a Cinta penuh air mata, Andrei aksana =260 ##$$a 2007 $b Jakarta =300 ##$$a 340 hml, 21 cm =650 ##$$a Fiksi dewasa =850 ##$$a NBPNMAT